MARC

LEADER 00000nam0a2200000 4500
001 52256
005 20231031041344.0
035 |a (RuTPU)RU\TPU\book\54763 
090 |a 52256 
100 |a 20030527d1988 m y0rusy50 ca 
101 0 |a rus 
102 |a RU 
105 |a a j 001zy 
200 1 |a Электрические машины   |a Машины постоянного тока  |e учебник  |f В. С. Хвостов  |g Под ред. И. П. Копылова 
210 |a Москва  |c Высшая школа  |d 1988 
215 |a 335 с.  |c ил. 
320 |a Библиогр.: с. 333. 
320 |a Предм. указ.: с. 334. 
610 1 |a электрические машины 
610 1 |a машины постоянного тока 
610 1 |a теория 
610 1 |a расчет 
610 1 |a магнитная система 
610 1 |a якоря 
610 1 |a реакция 
610 1 |a коммутация 
610 1 |a обмотки 
610 1 |a генераторы постоянного тока 
610 1 |a электродвигатели постоянного тока 
610 1 |a потери 
610 1 |a нагревание 
610 1 |a охлаждение 
610 1 |a проектирование 
610 1 |a учебники 
675 |a 621.313.2(075.8)  |v 3 
700 1 |a Хвостов  |b В. С.  |g Владимир Степанович 
702 1 |a Копылов  |b И. П.  |4 340 
801 1 |a RU  |b 63413507  |c 20030527  |g PSBO 
801 2 |a RU  |b 63413507  |c 20210528  |g PSBO 
942 |c BK